000 00722nmm a2200241Ia 4500
008 251105s9999||||xx |||||||||||||||||und||
020 _a9788490730539
041 _aspa
100 _aBerder , Michel
245 0 _aPedro, el primero de los Apóstoles :
_b Cuaderno Bíblico 165
264 _a[Madrid, España] :
_bEditorial Verbo Divino,
_c2014
300 _a80 páginas
490 _aCuadernos bíblicos
650 _aReligion(s)
700 _aBerder , Michel
700 1 _a Blanchard , Yves-Marie
700 1 _a Burnet , Régis
700 1 _a Fábregues , Angeles
700 1 _a Flichy , Odile
700 1 _a Schlosser , Jacques
856 _uhttps://public.digitaliapublishing.com/a/30497
942 _cCF
999 _c62761
_d62761